000 00955nam a2200217 a 4500
008 180524e2008 ag ||||g |||| 00| p spa d
041 _aspa
092 _c808
_l2
_sAGO
245 _aNómades de sal.
_bTextos poéticos /
_cMirta Agostino
250 _a1a ed.
260 _aNeuquén:
_bEDUCO;
_c2008.
300 _a86 p.
500 _aAgostino, M. et al. (2008). Nómades de sal. Textos poéticos. (1a ed.). Neuquén : EDUCO.
505 _aCuatro voces viajan en el tiempo desde la escritura. Cuatro estilos dejan su huella desde orígenes y generaciones diferentes. Algo liga los distintos matices de una tonalidad, que otrora fue lecho de arena y agua salada: la época, la condición de género, el hacer desde la Patagonia.
655 _aLiteratura
_92917
700 1 _aAgostino, Mirta.
_94278
700 1 _aCohen Williams, Verónica.
_94279
700 1 _aMontes Le Forte, Liliana.
_94280
700 1 _aNieto, Cristina.
_94281
942 _2ddc
_cLIT
999 _c3225
_d3225